000
00261nam a2200109Ia 4500
008
220216s9999 xx 000 0 und d
245
0
_a
Rubberised roads II (editorial)
260
_b
Planter
_c
1972
300
_a
114-115
650
_a
Rubberised road
942
_c
JS
999
_c
68272
_d
68272